Cultura Geral - Statistics

Estatísticas Gerais
  • Esse quiz foi jogado 16 vezes
  • A pontuação média é 6 de 15
Estatísticas das Respostas
Hint Resposta % Correto
Que nome damos á pessoa que se dedica à arte? Artista
100%
Que nome damos á arte de mover o corpo humano consistindo de uma sequência de movimentos ordenados usualmente acompanhados de música? Dança
92%
Que nome damos ao conceito de voltar à vida após a morte? Ressurreição
62%
Que nome damos á composição musical de cunho religioso, patriótico, desportivo ou outros? Hino
54%
Que nome damos á arte performativa que tem como objetivo entreter o público dando a ilusão de que algo impossível ou sobrenatural ocorreu? Ilusionismo
54%
Que nome damos ao cientista que estuda os organismos vivos e sua relação com o meio ambiente? Biólogo
46%
Que nome damos ao aparelho de circo usado para acrobacias aéreas composto de duas cordas e uma barra de ferro? Trapézio
46%
Que nome damos á renovação do sacrifício de Jesus Cristo, através do pão e do vinho que se tornam, para os católicos, o Corpo e o Sangue de Jesus? Eucaristia
38%
Que nome damos ao ato de amar de modo intenso, podendo ter ou não conotação religiosa? Adoração
31%
Que nome damos a invertebrados com exoesqueleto, corpo dividido em três tagmas, três pares de patas articuladas olhos compostos e duas antenas? Insetos
23%
Que nome damos á prática de cultivar plantas? Jardinagem
15%
Que nome damos a um indivíduo que, usualmente por penitência, religiosidade, misantropia ou simples amor à natureza, vive em um lugar deserto, isolado? Eremita
8%
Que nome damos á arte de projectar a voz, sem que se abra a boca ou mova-se os lábios, de maneira que o som pareça vir doutra fonte diferente do falante? Ventriloquismo
8%
Que nome damos a um invólucro constituído por um material parecido com a seda construído por lagartas e algumas larvas de insetos? Casual
0%
Que nome damos á variação fenotípica que pode ser separada em classes distintas e bem definidas? Polimorfismo
0%
Nenhum quiz correspondente encontrado
Distribuição das Pontuações
Porcentagem de Pessoas com Cada Pontuação
Percentil de Números Respondidos
Sua Pontuação Histórica
Você não jogou esse quiz